| 000 | 00773nam a22001817a 4500 | ||
|---|---|---|---|
| 005 | 20231130162256.0 | ||
| 010 | _aHIN-126131 | ||
| 020 |
_a9788188671327 _c450.00 |
||
| 035 | _aHN-98477 | ||
| 037 | _bDBAD/PUB | ||
| 082 | _a305.4 | ||
| 100 |
_a निशांत सिंह _959281 |
||
| 245 |
_aस्त्री सशक्तिकरण;एक मूल्यांकन/ _c निशांत सिंह |
||
| 260 |
_aदिल्ली _bमंगल प्रकाशन _c2020 |
||
| 270 |
_b दिल्ली _aएफ-96,वेस्ट ज्योतिनगर कर्दमपूरी मार्ग _e110094 |
||
| 300 |
_a239पृ. _c23 सेमी (सजिल्द ) |
||
| 942 |
_2ddc _cHN _h305.4 _m निशांत |
||
| 999 |
_c198764 _d198764 |
||